| 000 | 00816nam a2200277 4500 | ||
|---|---|---|---|
| 003 | OSt | ||
| 005 | 20260530113842.0 | ||
| 008 | 260508b1966 |||a|||| |||| 00| 0 eng d | ||
| 040 |
_aICI _bspa _cICI |
||
| 050 |
_aTS171.4 _bD74 |
||
| 100 | 1 |
_aDreyfuss, Henry _930366 |
|
| 245 | 1 | 0 | _aThe Measure of Man Human Factors in Design |
| 250 | _a2nd Ed. | ||
| 264 | 1 |
_bWhitney Library of Design _c1966 _aEstados Unidos |
|
| 300 | _a48 páginas | ||
| 336 |
_atexto _2rdacontent |
||
| 337 |
_asin medio _2rdamedia |
||
| 338 |
_avolumen _2rdacarrier |
||
| 500 | _aLibro muy especial | ||
| 650 |
_aErgonomía _930367 |
||
| 650 |
_aFactores humanos en el diseño _930368 |
||
| 650 |
_aDiseño industrial _915218 |
||
| 650 |
_aAntropometría _930369 |
||
| 650 |
_aDiseño centrado en el usuario _930370 |
||
| 942 |
_2lcc _cBK _n1 |
||
| 999 |
_c11170 _d11170 |
||